| 000 | 00869nam a22002657a 4500 | ||
|---|---|---|---|
| 001 | 9356 | ||
| 003 | FISKH | ||
| 005 | 20251211153856.0 | ||
| 008 | 251211b cb ||||| |||| 00| 0 eng d | ||
| 020 | _a9780439560894 | ||
| 040 |
_aFISKH _beng _cFISKH _dFISKH |
||
| 050 | _aPR5549.T2 T87 | ||
| 082 | _a398.8 | ||
| 100 |
_aHarker, Lesley _eAuthor |
||
| 245 |
_aTwinkle, twinkle little star / _cPictures by Lesley Harker |
||
| 260 |
_aNew York : _bScholastic Inc. , _c2000 |
||
| 300 |
_a18 unnumbered pages : _bcolor illustrations ; _c27 cm |
||
| 505 | _aG | ||
| 520 | _aTwo young children join with a group of shepherds and kings following a bright, twinkling star to a stable where a baby has just been born. | ||
| 521 | 8 |
_a350
_bLexile estimate |
|
| 521 | 8 |
_aG
_bRaz-Plus |
|
| 650 |
_aNursery rhymes _vPicture book |
||
| 942 |
_2ddc _cBK _n0 |
||
| 999 |
_c9356 _d9356 |
||